[Event "CRO-ch U11 Girls"]
[Site "Trogir"]
[Date "2020.08.26"]
[Round "5"]
[White "Golub, Mia"]
[Black "Maric, Paula"]
[Result "1/2-1/2"]
[WhiteElo "1600"]
[BlackElo "1600"]
[PlyCount "32"]
[EventDate "2020.08.24"]
[EventType "swiss"]
[EventRounds "9"]
[EventCountry "CRO"]
[SourceTitle "CBM 198 Extra"]
[Source "ChessBase"]
[SourceDate "2020.11.30"]
[SourceVersion "1"]
[SourceVersionDate "2020.11.30"]
[SourceQuality "1"]

1. e4 e5 2. Nf3 Nc6 3. Bc4 Bc5 4. 0-0 Nf6 5. Ng5 Qe7 6. d3 h6 7. Nxf7 Rg8 8. Be3 d6 9. Nc3 Be6 10. Bxe6 Qxe6 11. Ng5 Qe7 12. Nh7 Nxh7 13. Nd5 Qe6 14. Qh5+ Kd8 15. c3 Nf6 16. Nxf6 Qxf6 1/2-1/2

[Event "CRO-ch U11 Girls"]
[Site "Trogir"]
[Date "2020.08.26"]
[Round "4"]
[White "Maric, Paula"]
[Black "Paulic, Franka"]
[Result "0-1"]
[WhiteElo "1600"]
[BlackElo "1734"]
[PlyCount "82"]
[EventDate "2020.08.24"]
[EventType "swiss"]
[EventRounds "9"]
[EventCountry "CRO"]
[SourceTitle "CBM 198 Extra"]
[Source "ChessBase"]
[SourceDate "2020.11.30"]
[SourceVersion "1"]
[SourceVersionDate "2020.11.30"]
[SourceQuality "1"]

1. e4 e5 2. Nf3 Nc6 3. Bc4 h6 4. d3 Bc5 5. Nc3 Nf6 6. 0-0 0-0 7. Qe2 d6 8. h3 Nd4 9. Nxd4 Bxd4 10. Nb5 Bc5 11. Qf3 a6 12. Nc3 Be6 13. Qg3 g5 14. Bxg5 hxg5 15. Qxg5+ Kh8 16. Ne2 Nh7 17. Qh6 Qg5 18. Qxg5 Nxg5 19. Ng3 Kg7 20. Nh5+ Kg6 21. Ng3 b5 22. Bb3 a5 23. Rfe1 a4 24. Bd5 Rac8 25. Bb7 Rb8 26. Bc6 Rb6 27. Bd5 c6 28. Bxe6 fxe6 29. Re2 Rb7 30. Rae1 Rbf7 31. a3 Bxf2+ 32. Rxf2 Rxf2 33. Nh1 Rxc2 34. Rb1 Rd2 35. Ng3 Rxd3 36. Nf1 d5 37. Re1 dxe4 38. Re2 Rd4 39. Re3 Rd1 40. Rg3 Rfxf1+ 41. Kh2 Rh1# 0-1

[Event "CRO-ch U11 Girls"]
[Site "Trogir"]
[Date "2020.08.25"]
[Round "3"]
[White "Maric, Paula"]
[Black "Roncevic, Nika"]
[Result "1/2-1/2"]
[WhiteElo "1600"]
[BlackElo "1630"]
[PlyCount "39"]
[EventDate "2020.08.24"]
[EventType "swiss"]
[EventRounds "9"]
[EventCountry "CRO"]
[SourceTitle "CBM 198 Extra"]
[Source "ChessBase"]
[SourceDate "2020.11.30"]
[SourceVersion "1"]
[SourceVersionDate "2020.11.30"]
[SourceQuality "1"]

1. e4 e5 2. Nf3 Nc6 3. Bc4 Nf6 4. Nc3 Bb4 5. a3 Bxc3 6. dxc3 0-0 7. 0-0 h6 8. Nh4 Kh8 9. Qf3 d6 10. h3 Re8 11. Qg3 Nh5 12. Qf3 Be6 13. Bb3 Bxb3 14. Qxh5 Bc4 15. Re1 Kh7 16. Qg4 Qf6 17. Nf5 Rg8 18. Re3 Be6 19. Rf3 Bxf5 20. exf5 1/2-1/2